00402nam a2200157Ia 4500008004100000020001800041082001600059100002100075245004300096250000600139260002500145300001600170500002500186650001200211700002100223230524s9999 xx 000 0 und d a9789352601738 a535.84bBAN aColin N. Banwell 0aFundamentals of Molecular Spectroscopy a4 aNew DelhibMGHc2016 a"XII,308p;" aQuantity Number: 10 aPhysics aElaine M. McCash